| 000 | 01329nam a22002897a 4500 | ||
|---|---|---|---|
| 999 |
_c3243 _d3243 |
||
| 003 | OSt | ||
| 005 | 20231108115100.0 | ||
| 008 | 231108b ||||| |||| 00| 0 eng d | ||
| 020 | _a9789835997266 | ||
| 040 | _cKH8 | ||
| 082 | _a400 AMI | ||
| 100 |
_aAmir Hazlin Lin, _eauthor. |
||
| 245 |
_aLiterasi Bahasa Melayu : _bTingkatan 2 / _cAmir Hazlin Lin. |
||
| 260 |
_aPetaling Jaya ; _bSasbadi Sdn. Bhd., _c2018. |
||
| 300 |
_ax, 130 pages : _bilustration ; _c21cm x 29.6 cm. |
||
| 440 |
_aSuper Skills _nTingkatan 2 |
||
| 500 | _aIncludes answer | ||
| 520 | _aKandungan siri SUPER SKILLS LITERASI ini dirancang dan digubal bagi memenuhi keperluan proses pengajaran dan pembelajaran semasa yang beralih daripada kaedah konvensional kepada Pembelajarab dan Pemudahcaraan (PdPc) Abad Ke-21. Oleh itu kandungan buku ini diterbitkan secara khusus untuk membantu guru dengan sisipan bahan-bahan pembelajaran terkini yang dapat memudahkan murid menginterpretasik, memahami, dan mengaplikasi objektif pembelajaran semasa di dalam kelas. | ||
| 650 |
_aForeign language _vBahasa Melayu |
||
| 650 |
_aBahasa Melayu _vExercise book |
||
| 700 |
_aRahman Shaari, _eauthor. |
||
| 700 |
_aSuhaimi Khalid, _eauthor. |
||
| 700 |
_aSharif Shaary, _eauthor. |
||
| 700 |
_aHamran Jantan, _eauthor. |
||
| 830 | _aSuper Skills | ||
| 942 |
_2ddc _cTR |
||